| 000 | nam a22 7a 4500 | ||
|---|---|---|---|
| 999 |
_c4925 _d235429 |
||
| 020 | _a9507277579 | ||
| 080 | _a347.91 P 941 | ||
| 245 | _aProcesos Colectivos | ||
| 260 |
_aSanta Fe: _bRubinzal- Culzoni _c2006 |
||
| 300 |
_a512 P. _c23 X 16 Cm. |
||
| 650 |
_xderecho procesal civil _xprocesos colectivos _xderechos difusos _xderechos colectivos _xlitispendencia _xcosa juzgada _xproceso civil colectivo _xley de amparo |
||
| 942 | _6_ | ||
| 945 |
_acd _d2019-05-03 |
||